[Event "POL-chT 60th"]
[Site "Dzwirzyno"]
[Date "2004.09.10"]
[Round "7"]
[White "Kolosowski, Pawel"]
[Black "Miton, Kamil"]
[Result "0-1"]
[WhiteElo "2273"]
[BlackElo "2597"]
[PlyCount "74"]
[EventDate "2004.09.04"]
[EventType "team-tourn"]
[EventRounds "9"]
[EventCountry "POL"]
[SourceTitle "EXT 2019"]
[Source "ChessBase"]
[SourceDate "2018.10.10"]
[SourceVersion "1"]
[SourceVersionDate "2018.10.10"]
[SourceQuality "1"]
[WhiteTeam "Gdanski Jantar Pruszcz"]
[BlackTeam "Grodzisk Polfa Mazowiecki"]
[WhiteTeamCountry "POL"]
[BlackTeamCountry "POL"]

1. e4 c5 2. Nf3 Nc6 3. d4 cxd4 4. Nxd4 Nf6 5. Nc3 d6 6. Bg5 e6 7. Qd2 a6 8. 0-0-0 Bd7 9. f4 b5 10. a3 Qb6 11. Nb3 b4 12. axb4 Nxb4 13. e5 Nfd5 14. Nxd5 Nxd5 15. f5 Rc8 16. Na5 dxe5 17. Nc4 Qc7 18. Qe2 f6 19. Qh5+ Ke7 20. fxe6 Bxe6 21. Bd2 g6 22. Qf3 Kf7 23. Ba5 Qc5 24. Nxe5+ Kg7 25. Nc4 Bd6 26. Bd3 Bc7 27. Bd2 Nb4 28. Be3 Nxd3+ 29. cxd3 Qd5 30. Qf2 Bf5 31. Bd4 h5 32. Bc3 Rhe8 33. Ne3 Rxe3 34. Qxe3 Be5 35. Kd2 Qxg2+ 36. Kc1 Bxc3 37. bxc3 Rxc3+ 0-1

[Event "POL-chT 60th"]
[Site "Dzwirzyno"]
[Date "2004.09.08"]
[Round "5"]
[White "Kolosowski, Pawel"]
[Black "Macieja, Bartlomiej"]
[Result "1-0"]
[WhiteElo "2273"]
[BlackElo "2633"]
[PlyCount "131"]
[EventDate "2004.09.04"]
[EventType "team-tourn"]
[EventRounds "9"]
[EventCountry "POL"]
[SourceTitle "EXT 2019"]
[Source "ChessBase"]
[SourceDate "2018.10.10"]
[SourceVersion "1"]
[SourceVersionDate "2018.10.10"]
[SourceQuality "1"]
[WhiteTeam "Gdanski Jantar Pruszcz"]
[BlackTeam "Warszawa Polonia"]
[WhiteTeamCountry "POL"]
[BlackTeamCountry "POL"]

1. e4 c5 2. Nf3 Nc6 3. d3 g6 4. g3 Bg7 5. Bg2 e5 6. 0-0 Nge7 7. Nc3 0-0 8. Be3 d6 9. Ne1 Be6 10. Nd5 f5 11. c4 Nd4 12. f4 Nxd5 13. exd5 Bd7 14. Nc2 exf4 15. Bxd4 cxd4 16. gxf4 Re8 17. Qf3 Qb6 18. Rab1 Re7 19. b3 Rae8 20. a3 Bf6 21. Qg3 Qa5 22. Rf2 Qc3 23. Bf1 a5 24. a4 Rg7 25. Kh1 h6 26. Qh3 Kh7 27. Rg2 g5 28. fxg5 Rxg5 29. Rxg5 Bxg5 30. Qg2 Bh4 31. Na3 Rg8 32. Qb2 Bg5 33. Qe2 Qd2 34. Qxd2 Bxd2 35. Nb5 Bxb5 36. axb5 Be3 37. Bg2 b6 38. Rf1 f4 39. Bf3 Kg6 40. Re1 Kf6 41. Rb1 Rg5 42. Re1 h5 43. Rf1 h4 44. h3 Bd2 45. Rg1 Re5 46. Be4 Rxe4 47. dxe4 Be3 48. Rf1 Ke5 49. Kg2 d3 50. Kf3 Kd4 51. Rd1 Kc3 52. e5 dxe5 53. d6 Bc5 54. d7 Be7 55. c5 Bd8 56. cxb6 Bxb6 57. Rc1+ Kb4 58. Rc6 e4+ 59. Kxe4 d2 60. Rd6 Bd8 61. b6 d1Q 62. Rxd1 Bxb6 63. d8Q Bxd8 64. Rxd8 Kxb3 65. Kxf4 a4 66. Kg4 1-0

[Event "POL-chT 60th"]
[Site "Dzwirzyno"]
[Date "2004.09.06"]
[Round "3"]
[White "Kveinys, Aloyzas"]
[Black "Kolosowski, Pawel"]
[Result "1/2-1/2"]
[WhiteElo "2565"]
[BlackElo "2273"]
[PlyCount "94"]
[EventDate "2004.09.04"]
[EventType "team-tourn"]
[EventRounds "9"]
[EventCountry "POL"]
[SourceTitle "EXT 2019"]
[Source "ChessBase"]
[SourceDate "2018.10.10"]
[SourceVersion "1"]
[SourceVersionDate "2018.10.10"]
[SourceQuality "1"]
[WhiteTeam "Suwalki Hancza"]
[BlackTeam "Gdanski Jantar Pruszcz"]
[WhiteTeamCountry "POL"]
[BlackTeamCountry "POL"]

1. Nf3 g6 2. e4 Bg7 3. d4 d6 4. Bc4 Nf6 5. Qe2 c6 6. e5 dxe5 7. dxe5 Nd5 8. h3 0-0 9. Bd2 a5 10. a4 Na6 11. 0-0 Nc5 12. Rd1 e6 13. Nc3 Qc7 14. Re1 Nxc3 15. Bxc3 b6 16. b3 Ba6 17. Bxa6 Nxa6 18. Rad1 Nc5 19. Bd4 Nb7 20. Nd2 Rfd8 21. Nc4 c5 22. Bc3 Rd5 23. Rd3 Rxd3 24. Qxd3 Rd8 25. Qf3 Bf8 26. h4 Be7 27. g3 Rd7 28. Kg2 Nd8 29. h5 Qb7 30. Re4 Nc6 31. Rf4 Nd8 32. Re4 Nc6 33. hxg6 hxg6 34. Ne3 Nd4 35. Bxd4 cxd4 36. Nc4 Bc5 37. Qd3 b5 38. axb5 Qxb5 39. Nb2 Qc6 40. f3 Rd5 41. Qc4 Qd7 42. Nd3 Bb6 43. Re1 Kg7 44. Ra1 Bc7 45. f4 Bb6 46. Kf2 Qb7 47. Re1 Rd8 1/2-1/2

[Event "POL-chT 60th"]
[Site "Dzwirzyno"]
[Date "2004.09.05"]
[Round "2"]
[White "Kolosowski, Pawel"]
[Black "Jakubiec, Artur"]
[Result "0-1"]
[WhiteElo "2273"]
[BlackElo "2565"]
[PlyCount "100"]
[EventDate "2004.09.04"]
[EventType "team-tourn"]
[EventRounds "9"]
[EventCountry "POL"]
[SourceTitle "EXT 2019"]
[Source "ChessBase"]
[SourceDate "2018.10.10"]
[SourceVersion "1"]
[SourceVersionDate "2018.10.10"]
[SourceQuality "1"]
[WhiteTeam "Gdanski Jantar Pruszcz"]
[BlackTeam "Plock PTSz"]
[WhiteTeamCountry "POL"]
[BlackTeamCountry "POL"]

1. e4 c5 2. Nf3 d6 3. d4 cxd4 4. Nxd4 Nf6 5. Nc3 a6 6. Bg5 e6 7. Qf3 h6 8. Bh4 Nbd7 9. 0-0-0 Qc7 10. Bd3 Ne5 11. Qe2 g5 12. Bg3 Bd7 13. h4 Rg8 14. hxg5 hxg5 15. f3 b5 16. a3 Rb8 17. Nb3 Bc6 18. Kb1 Nfd7 19. Nd4 Bg7 20. Nxc6 Qxc6 21. Na2 Qb7 22. c3 a5 23. Bc2 Qc6 24. Bf2 Nc4 25. Bd4 Be5 26. Rh7 Nc5 27. Bxe5 dxe5 28. Bd3 Na4 29. Bxc4 bxc4 30. Rd2 Ke7 31. Qe3 Qb6 32. Qxb6 Rxb6 33. g4 Rgb8 34. Rhh2 Kf6 35. Ka1 Kg6 36. Nc1 Kg7 37. Ka2 R6b7 38. Ka1 Rb6 39. Ka2 R8b7 40. Ka1 Kg6 41. Rhe2 f6 42. Rh2 Rb8 43. Rdg2 Rb5 44. Rd2 R5b7 45. Rdg2 Rd8 46. Rg1 Rh7 47. Rxh7 Kxh7 48. Kb1 Rd2 49. Ka1 Nxb2 50. Na2 Na4 0-1

[Event "POL-chT 1st League"]
[Site "Ustron"]
[Date "2003.09.14"]
[Round "9"]
[White "Kolosowski, Pawel"]
[Black "Tomczak, Rafal"]
[Result "0-1"]
[WhiteElo "2281"]
[BlackElo "2295"]
[PlyCount "106"]
[EventDate "2003.09.06"]
[EventType "team-tourn"]
[EventRounds "9"]
[EventCountry "POL"]
[SourceTitle "EXT 2005"]
[Source "ChessBase"]
[SourceDate "2004.11.15"]
[SourceVersion "1"]
[SourceVersionDate "2004.11.15"]
[SourceQuality "1"]
[WhiteTeam "Gdanski Drapol Jantar Pruszcz"]
[BlackTeam "Poznan Lech"]
[WhiteTeamCountry "POL"]
[BlackTeamCountry "POL"]

1. e4 c5 2. Nf3 d6 3. d4 cxd4 4. Nxd4 Nf6 5. Nc3 a6 6. Bg5 e6 7. Qf3 Nbd7 8. 0-0-0 Qc7 9. Bxf6 Nxf6 10. g4 b5 11. g5 Nd7 12. Qe3 Nb6 13. Bd3 Bb7 14. Rhf1 Qc5 15. Qg3 Nd7 16. Nb3 Qb6 17. f4 b4 18. Ne2 a5 19. f5 e5 20. g6 Be7 21. gxf7+ Kf8 22. Rg1 Bf6 23. Nd2 Rc8 24. Kb1 a4 25. Nf3 b3 26. Ng5 d5 27. cxb3 axb3 28. axb3 Qxb3 29. Rc1 Ra8 30. Rc3 Qa2+ 31. Kc1 Ke7 32. Bb1 Qa5 33. f8Q+ Raxf8 34. exd5 Bxd5 35. Qe3 Rb8 36. Ne4 Qb4 37. b3 Qa3+ 38. Kd2 Qb2+ 39. Bc2 Bxe4 40. Qxe4 Rhc8 41. Rb1 Qa3 42. Rxc8 Rxc8 43. Nc3 Bg5+ 44. Ke2 Rxc3 45. f6+ Bxf6 46. Rd1 Qc5 47. Bd3 Rxb3 48. Rd2 Qd4 49. Qxh7 Qg4+ 50. Kf2 Bh4+ 51. Kf1 Qf3+ 52. Kg1 Qe3+ 53. Kh1 Qe1+ 0-1